000 00563nam a2200217Ia 4500
005 20250508165108.0
008 008 250505s9999 xx 000 0 hin d
020 _a81-7178-282-5
037 _aTextual
040 _aFEDL
_beng
_cFEDL
041 _ahin
_2hin
084 _a9 54, SHA
_qFEDL
100 _aSharma Ram Sharan
245 0 _aBharatiya samantvad
260 _aNew Delhi, India
_bRajkamal Prakashan
_c1993
300 _a274p.
365 _aINR
_b620
546 _aMACESE
942 _cTEXL
_h9 54, SHA
999 _c1393126
_d1393126